000 00692 a2200169 4500
003 Nust
005 20221215110313.0
040 _cNust
082 _a538, SHO
100 _aShoenberg, D. (David)
_9104921
245 _aMagnetism.
_cShoenberg, D. (David)
260 _a[London] Sigma [1949]
_bSigma [1949]
_c [1949]
300 _aix, 216 p
_b. illus. 19 cm.
505 _aWhat Magnetism is About (Page-5), Electricity and Magnetism: The Twin Sciences (Page-12), Magnetism and Matter (Page-49), Why Matter is Magnetic (Page-74), More About Ferromagnetism (Page-107), The Earth’s Magnetism (Page-134), Magnetism in Everyday Life (Page-184).
650 _aMagnetism.
_939896
942 _2ddc
_cBK
999 _c184471
_d184471